000
00320nam a22001337a 4500
003
SGT
082
_a
954.034
_b
A95S
100
_a
SAVTANTARTA AANDOLAN KE KARNDHAR
245
_a
AZADI KE KRANTI GEET
260
_a
INDIA
_b
SAMAJWADI SHIKSHA SANSTHAN
_c
1995
300
_a
239
650
_a
MAHATMA GANDHI
942
_2
ddc
_c
BK
999
_c
26013
_d
26013